000 00952cam a22002653a 4500
001 2124
003 PGUSA
005 20140828083011.0
008 060328s2006||||xxu|||||s|||||000 | eng d
040 _aPGUSA
_beng
042 _adc
050 4 _aDS
100 1 _aFaxian
245 1 2 _aA Record of Buddhistic Kingdoms :
_bBeing an account by the Chinese monk Fa-hsien of travels in India and Ceylon (A.D. 399-414) in search of the Buddhist books of discipline
_h[electronic resource] /
_cFaxian
260 _bProject Gutenberg,
_c2006
506 _aPublic domain in the USA.
516 _aElectronic text
653 _aBuddhism -- Early works to 1800
653 _aAsia -- Description and travel -- Early works to 1800
653 _aBuddhist pilgrims and pilgrimages -- India -- Early works to 1800
700 1 _aLegge, James,
_d1815-1897
830 0 _aProject Gutenberg
_v2124
856 4 0 _uhttp://www.gutenberg.org/ebooks/2124
942 _cEB
999 _c231462
_d231462